000 01124cam a22003017a 4500
003 CHAP
005 20220329133345.0
008 971013s1992 r 00010 d
010 _a5379
011 _a6351
035 _a5571
040 _cCHAP
082 _a312.0972 M49c 1990 D
_bM.
110 _aInstituto Nacional de Estadística, Geografía e Informática. México
_959304
245 0 _aCenso general de población y vivienda (11o.) 1990: división municipal
260 _aAguascalientes, Ags. :
_bEl Instituto,
_c1992
300 _a180 p
590 _aBATCH-UPD
_b10
_c20130110
_lUCH01
_h2200
590 _aBATCH-UPD
_b10
_c20130410
_lUCH01
_h1508
590 _aBATCH-UPD
_b10
_c20130914
_lUCH01
_h1829
590 _aCONVERSION
_b10
_c20130109
_lUCH01
_h1304
650 1 4 _aMéxico
_xDivisiones administrativas y políticas.
_976741
901 _aBK
942 _cLIBRO
949 _a312.0972 M49c 1990 D.M.
_bBC
_cC
_d33724000467056
_eC
_fc.2
_h82124
_i5571
_si
949 _a312.0972 M49c 1990 D.M.
_bBC
_cC
_d33724000504965
_eC
_fc.3
_h82125
_i5571
_si
949 _a312.0972 M49c 1990 D.M.
_bBC
_cC
_d33724000505558
_eC
_h82123
_i5571
_si
999 _c5379
_d5379